000 01922nam a22002657a 4500
005 20170315081248.0
008 130419s1603||||it |||fr|||||001|0|lat|d
040 _aCo-BoUCM
_bspa
_cSandra Yazo (modificó)
_dSandra Yazo (modificó)
041 0 _alat
082 0 4 _a340.56
_220
092 _aE06N031
100 1 _aCarocci, Vincenzo
_d1580-16??
_940834
242 0 0 _aTratados varios, nuevos y útiles ...
_cAutor Vicente Carocio
_yspa
245 1 0 _aTractatus diversi, novi, et practicabiles ...
_cVincentio Carocio ... auctore
260 _aVenetiis [Venecia] (Italia)
_bApud Sessas [En el taller de los Sessas]
_c1603
300 _a[8], 127 [e. i.168] folios
_c23 x 16 cm.
500 _aDetalles físicos: Encuadernación flexible en pergamino. Tapas con pergamino arrugado. Guardas desprendidas y rotas. Portada impresa en una sola tinta, con marca tipográfica de los editores, varias firmas. Dedicatoria. Índice inicial. Fe de erratas. Permisos y licencias. Cenefas y remates. Mayúsculas capitales. Texto impreso en dos columnas con varios tipos y tamaños de letra. Sumarios y párrafos numerados. Signaturas y reclamos. Perforaciones de insectos desde la pág. 127 en adelante. Varias hojas con deterioro en esquina inferior, deformación de plano sobre el papel
505 0 _aConceptos jurídicos sobre diversos temas: Tratado sobre las cosas robadas que se encuentran en poder de terceros ; Tratado sobre la revelación del secreto de la confesión ; Tratado sobre los bienes con los cuales el padre dota a su hija ; Tratado sobre la exoneración de menores que incurren en delitos ; Cuestiones particulares: 786 conceptos legales
506 _aConsulta en sala
546 _aTexto en latín
650 0 _aDerecho civil
_929560
_xObras anteriores a 1800
650 7 _aConceptos
_929739
_xDerecho
_xObras anteriores a 1800
690 _aDerecho civil
_912711
942 _cLIBRO
_e1
_a8
_2LOCAL
_hE06N031
999 _c70542
_d70542